000 00765nam a2200265Ia 4500
003 OSt
005 20221007110017.0
006 a|||||r|||| 00| 0
007 ta
008 221006b |||||||| |||| 00| 0 eng d
020 _a9788171772117
024 _a20,121
037 _cTextual
040 _aLCO
_cLCO
_beng
041 _2eng
_aeng
082 _aZy7N21, P8
100 _aChoudhury Ram Kishore
245 0 _aJudicial Reflectios of Justice Bhagwati
260 _aCulcutta
_bEastern Law House Private Ltd. India
_c2008
300 _a406
650 _aJUDICIAL REFLECTIONS
_9707012
700 _a Choudhury Tapash Gan
_9125958
942 _hZy7N21, P8
_cTEXL
999 _c1189684
_d1189684